Countries with the Most Prostitutes - Statistics

General Stats
  • This quiz has been taken 124 times
  • The average score is 7 of 18
Answer Stats
Total or Percent Number Country % Correct
Total 1,000,000 United States
94%
Total ~3,500,000 China
93%
Total 1,400,000 Brazil
88%
Total 657,800 India
82%
Percent (%) 2.08% Russia
78%
Total 300,000 Germany
66%
Total 244,400 Colombia
53%
Percent (%) 1.50% Venezuela
49%
Total 410,000 Nigeria
45%
Percent (%) 0.80% Romania
31%
Total 350,300 D. R. Congo
27%
Percent (%) 1.50% Latvia
11%
Percent (%) 1.40% Slovenia
7%
Percent (%) 0.95% Bahrain
5%
Percent (%) 0.78% Bahamas
3%
Percent (%) 3.25% Sierra Leone
3%
Percent (%) 0.93% Tonga
2%
Percent (%) 0.79% Antigua and Barbuda
0%
No matching quizzes found
Score Distribution
Percent of People with Each Score
Percentile by Number Answered
Your Score History
You have not taken this quiz